00000000cas 2200000za 4500
0019.858371
003CaOODSP
00520251114093803
007cr |||||||||||
008180629c20159999oncar p o    f0   b0fre|d
040 |aCaOODSP|bfre
043 |an-cn---
0861 |aCi1-30F-PDF
24500|aEntrée express - rapport de fin d'année ... |h[ressource électronique].
24613|aEntrée express - rapport de fin d'exercice ...|f2020
2463 |iLes livraisons depuis 2023 comportent le titre : |aRapport de fin d’exercice sur Entrée express pour …
260 |a[Ottawa] : |bImmigration, Réfugiés et Citoyenneté Canada, |c[2015]-
310 |aAnnuel
3621 |aParaît depuis: 2015.
500 |aPubli. aussi en anglais sous le titre : Express Entry year-end report ...
69207|2gccst|aImmigration
69207|2gccst|aÉvaluation du rendement
69207|2gccst|aProgramme fédéral
7101 |aCanada. |bImmigration, réfugiés et citoyenneté Canada.
77508|tExpress Entry year-end report ... |w(CaOODSP)9.858370